000 00755 a2200205 4500
999 _c9322
_d9322
020 _a9781616080211
050 0 0 _aKZ1176.5 TUS 2010
100 1 _aTusa, Ann.
_eauthor
245 1 4 _aThe Nuremburg Trial /
_cAnn Tusa and John Tusa ; new foreword by Ann Tusa and John Tusa.
264 _aNew York :
_bSkyhorse Publishing,
_c2010.
300 _a514, [16] p. :
_bill., plats ;
500 _aIncludes index
504 _aIncludes bibliographical references
650 0 _aNuremberg Trial of Major German War Criminals, Nuremberg, Germany, 1945-1946.
650 0 _aWar crime trials
650 0 _aWorld War, 1939-1945
_xAtrocities.
700 1 _aTusa, John.
_eauthor
942 _2lcc
_cBK
_h1176.5
_iTUS
_kKZ